000 00208nam a22000977a 4500
082 _a823
100 _aLOLIN
100 _aJACQUI HAWKINS
245 _aREAD ALOUD, READ ALONG, READ ALONE
_bNUMBER 2-9
942 _cBK
999 _c8088
_d8088